zpět

Detail výsledku týmu

U Pošty - Vinohrady ÚT, Praha

Datum a čas kvízu

23.5 Celkem bodů Celkový počet nahraných bodů na tomto kvízu bez doplňovacích otázek.
8. Pořadí na kvízu Konečné umístění týmu na tomto kvízu.

Zaznamenané odpovědi

# Otázka Odpověď Body Výsledky
1. Vláda schválila nový významný... 30. březen 0
2. Na Světovém ekonomickém fóru v... Václava Havla 1
3. „Mí rodiče celý můj život kont... Beckhamových 1
4. Nápojářská skupina Kofola zaví... Nobilis Tilia 0
5. Rvačky nejsou v NHL ničím neob... Florida Panthers, San Jose Sharks 0
6. Jak se jmenuje horolezec, jenž... Radek Jaroš 1
7. Jak se trojslovně jmenuje tato... lezení na rychlost 0
8. Jak se jedním slovem nazývá ho... mačky 1
9. Za půl bodu napište jméno ikon... Matterhorn, Švýcarsko a Itálie 1
10. Jak se jmenuje fenomenální slo... B) Janja Garnbret 0